| 000 | 00707nam a2200229Ia 4500 | ||
|---|---|---|---|
| 003 | OSt | ||
| 005 | 20230830153110.0 | ||
| 008 | 210716s1995 xx 000 0 und d | ||
| 020 | _a8170296285 | ||
| 040 | _cAIMIT LIBRARY | ||
| 041 | _aeng | ||
| 082 |
_a005.11FP _23rd ed. _bSIEC |
||
| 100 |
_aSiegel, Charles. _9131777 |
||
| 245 |
_aMastering visual foxpro 3 / _cBy Charles Siegel. |
||
| 250 | _a3rd ed. | ||
| 260 |
_aNew Delhi : _bBPB Publications , _c1995. |
||
| 300 |
_axxxiv,1089p. ; _bPB _c23 cm. |
||
| 650 |
_aAdding editing and viewing data _9131778 |
||
| 650 |
_aWorking with queries _9131779 |
||
| 650 |
_aUsing forms to speed up your work _9131780 |
||
| 942 |
_2ddc _cBK _e3rd ed. _k005.11FP SIEC |
||
| 999 |
_c183083 _d183083 |
||